000 00463nam a2200181Ia 4500
001 8891
005 20260306160643.0
008 260306t2012||||xx |||||||||||||| ||spa||
041 _aESP
082 _a371.9
_bG11
100 _aGabriel, Gaetan
_eAUT
245 0 _aCoaching escolar:
_bpara aumentar el potencial de alumnos con dificultades
260 _c2012
300 _a134 páginas :
_c21 cm.
650 _aGEN
654 _aCED
942 _cLIB
_dJUS
_fJUS
_2ddc
_n
999 _c8891
_d8891